Математическое моделирование тепломассопереноса в условиях смешанной конвекции в прямоугольной области с источником тепла и теплопроводными стенками; Теплофизика и аэромеханика; Т. 15, № 1

Detalles Bibliográficos
Parent link:Теплофизика и аэромеханика: международный журнал/ Институт теплофизики СО РАН.— , 1994-
Т. 15, № 1.— 2008.— [С. 107-120]
Autor principal: Кузнецов Г. В. Гений Владимирович
Otros Autores: Шеремет М. А. Михаил Александрович
Sumario:Заглавие с экрана
Проведено численное моделирование сопряженного конвективно-кондуктивного теплопереноса в прямоугольной области с источником тепловыделения при наличии вынужденного течения и массообмена. Получены распределения тепловых и гидродинамических характеристик, описывающие специфические особенности исследуемых режимов течения. Проанализировано взаимное влияние вынужденного и свободноконвективного течения. Установлены масштабы воздействия определяющих безразмерных комплексов (Gr, Br, Re) на режимы течения. Показана эволюция анализируемого процесса.
Режим доступа: по договору с организацией-держателем ресурса
Lenguaje:ruso
Publicado: 2008
Materias:
Acceso en línea:http://elibrary.ru/item.asp?id=9904489
http://www.sibran.ru/journals/issue.php?ID=120105&ARTICLE_ID=127446
Formato: MixedMaterials Electrónico Capítulo de libro
KOHA link:https://koha.lib.tpu.ru/cgi-bin/koha/opac-detail.pl?biblionumber=641033

MARC

LEADER 00000naa0a2200000 4500
001 641033
005 20250313134823.0
035 |a (RuTPU)RU\TPU\network\5911 
035 |a RU\TPU\network\5905 
090 |a 641033 
100 |a 20150507d2008 k||y0rusy50 ca 
101 0 |a rus 
102 |a RU 
135 |a drcn ---uucaa 
181 0 |a i  
182 0 |a b 
200 1 |a Математическое моделирование тепломассопереноса в условиях смешанной конвекции в прямоугольной области с источником тепла и теплопроводными стенками  |f Г. В. Кузнецов, М. А. Шеремет 
203 |a Текст  |c электронный 
300 |a Заглавие с экрана 
320 |a [Библиогр.: с. 119-120 (22 назв.)] 
330 |a Проведено численное моделирование сопряженного конвективно-кондуктивного теплопереноса в прямоугольной области с источником тепловыделения при наличии вынужденного течения и массообмена. Получены распределения тепловых и гидродинамических характеристик, описывающие специфические особенности исследуемых режимов течения. Проанализировано взаимное влияние вынужденного и свободноконвективного течения. Установлены масштабы воздействия определяющих безразмерных комплексов (Gr, Br, Re) на режимы течения. Показана эволюция анализируемого процесса. 
333 |a Режим доступа: по договору с организацией-держателем ресурса 
461 |t Теплофизика и аэромеханика  |o международный журнал  |f Институт теплофизики СО РАН  |d 1994- 
463 |t Т. 15, № 1  |v [С. 107-120]  |d 2008 
610 1 |a электронный ресурс 
610 1 |a труды учёных ТПУ 
610 1 |a сопряженный теплоперенос 
610 1 |a смешанная конвекция 
610 1 |a прямоугольная область 
610 1 |a тепломассоперенос 
700 1 |a Кузнецов  |b Г. В.  |c специалист в области теплоэнергетики  |c профессор Томского политехнического университета, доктор физико-математических наук  |f 1949-  |g Гений Владимирович  |3 (RuTPU)RU\TPU\pers\25528  |9 11458 
701 1 |a Шеремет  |b М. А.  |c физик  |c профессор Томского политехнического университета, доктор физико-математических наук  |f 1983-  |g Михаил Александрович  |3 (RuTPU)RU\TPU\pers\28001  |9 12990 
801 2 |a RU  |b 63413507  |c 20150507  |g RCR 
856 4 |u http://elibrary.ru/item.asp?id=9904489 
856 4 |u http://www.sibran.ru/journals/issue.php?ID=120105&ARTICLE_ID=127446 
942 |c CF